00836nam a22002177a 450000500170000001000150001702000260003203500130005803700130007108200100008410000190009424501330011326000320024627000850027830000230036350000400038670000280042694200240045499900170047895201230049520150624123421.0 aENG-113080 a9789351434245c245.00 aEN-96612 bDBAD/PUB a158.5 a Anuroop Omkar aThe art of negotiation and mediation : cby Anuroop Omkar [and] Kritika Krishnamurthy ba wishbone, funny bone and a backbone /  bLexisNexis c2015aGurgaon  bGurgaon e122002a14th Floor Building No.10, Tower-B, DLF Cyber City, Phase-II,  ax,348p.c22cm(pbk) aIncludes bibliographical references aKrishnamurthy, Kritika  2ddccENmANUh158.5 c93740d93740 001040718NFICaDBADbDBADd2015-05-19eDBAD/PUBg245.00l0o158.5 ANUpEN-96612r2015-05-19 00:00:00t1v245.00yEN